Entry Término temático
001 - NÚMERO DE CONTROL
- campo de control: 7394
003 - IDENTIFICADOR DEL NÚMERO DE CONTROL
- campo de control: BNPHU
005 - FECHA Y HORA DE LA ÚLTIMA TRANSACCIÓN
- campo de control: 20250717104759.0
008 - DATOS DE LONGITUD FIJA
- campo de control de longitud fija: 200615|| aca||aabn | a|a d
010 ## - NÚMERO DE CONTROL DE LA BIBLIOTECA DEL CONGRESO
- Número de control de LC: sh 87007652
040 ## - FUENTE DE LA CATALOGACIÓN
- Centro catalogador/agencia de origen: DO-SdBNP
- Lengua de catalogación: spa
- Centro/agencia transcriptor: BNPHU
- Normas de descripción: rda
150 ## - ENCABEZAMIENTO--TÉRMINO DE MATERIA
- Término de materia o nombre geográfico como elemento de entrada: Psicología cognoscitiva
450 ## - TRAZADO DE VÉASE--TÉRMINO DE MATERIA
- Término de materia o nombre geográfico como elemento de entrada: Psicología cognitiva
450 ## - TRAZADO DE VÉASE--TÉRMINO DE MATERIA
- Término de materia o nombre geográfico como elemento de entrada: Cognitive psychology
550 ## - TRAZADO VÉASE ADEMÁS--TÉRMINO DE MATERIA
- Término de materia o nombre geográfico como elemento de entrada: Ciencia cognoscitiva
550 ## - TRAZADO VÉASE ADEMÁS--TÉRMINO DE MATERIA
- Término de materia o nombre geográfico como elemento de entrada: Psicología
670 ## - FUENTE DE DATOS ENCONTRADOS
- Cita de la fuente: Work cat.: (OSt)2171: Comprensión de la lectura y acción docente /, 1991.
670 ## - FUENTE DE DATOS ENCONTRADOS
- Identificador Uniforme del Recurso: https://librunam.dgb.unam.mx:8443/F/N1L8KHRBQL3B5NA5QK7NKP5L7U4KYPS4PQA5VL7CRFNS5JNB9P-01052?func=full-set-set&set_number=000970&set_entry=000001&format=001 Consultado en 17 de Julio, 2025
670 ## - FUENTE DE DATOS ENCONTRADOS
- Identificador Uniforme del Recurso: https://authorities.loc.gov/cgi-bin/Pwebrecon.cgi?AuthRecID=4812572&v1=1&HC=1&SEQ=20250717104722&PID=VUU53avQtCF6SvC5aQSznY21Cwgr Consultado en 17 de Julio, 2025
680 ## - NOTA GENERAL PÚBLICA
- Texto explicativo: Aquí se asientan los trabajos que tratan sobre un enfoque general que enfatizan el rol interno así como los procesos en la conducta. Los trabajos sobre los procesos mentales en general se asentarán bajo
- Encabezamiento o término de subdivisión: Cognición
681 ## - NOTA DE EJEMPLO DE TRAZADO DE MATERIA
- Texto explicativo: Nota bajo
- Encabezamiento de materia o término de subdivisión: Cognición
750 ## - ENTRADA DE ENLACE DE ENCABEZAMIENTO ESTABLECIDO--TÉRMINO DE MATERIA
- Número de control del registro de autoridad o número normalizado: sh 87007652
- Término de materia o nombre geográfico como elemento de entrada: Cognitive psychology
